| 000 -LEADER |
| fixed length control field |
01217cam a2200301 a 4500 |
| 001 - CONTROL NUMBER |
| control field |
206313 |
| 003 - CONTROL NUMBER IDENTIFIER |
| control field |
OSt |
| 005 - DATE AND TIME OF LATEST TRANSACTION |
| control field |
20170128123843.0 |
| 008 - FIXED-LENGTH DATA ELEMENTS--GENERAL INFORMATION |
| fixed length control field |
990225s1999 nyua b 001 0 eng |
| 010 ## - LIBRARY OF CONGRESS CONTROL NUMBER |
| LC control number |
99070948 |
| 020 ## - INTERNATIONAL STANDARD BOOK NUMBER |
| International Standard Book Number |
0500237719 |
| 040 ## - CATALOGING SOURCE |
| Original cataloging agency |
DLC |
| Transcribing agency |
DLC |
| Modifying agency |
DLC |
| 041 1# - LANGUAGE CODE |
| Language code of text/sound track or separate title |
eng |
| Language code of original |
ita |
| 043 ## - GEOGRAPHIC AREA CODE |
| Geographic area code |
e-it--- |
| 050 00 - LIBRARY OF CONGRESS CALL NUMBER |
| Classification number |
ND623.D8A68 1999 |
| 082 00 - DEWEY DECIMAL CLASSIFICATION NUMBER |
| Classification number |
759.5 |
| Edition number |
21 |
| 100 1# - MAIN ENTRY--PERSONAL NAME |
| Personal name |
Bellosi, Luciano. |
| Dates associated with a name |
1999 |
| 240 10 - UNIFORM TITLE |
| Uniform title |
<a href="Duccio, la Maestà.">Duccio, la Maestà.</a> |
| Language of a work |
English |
| 245 10 - TITLE STATEMENT |
| Title |
Duccio, the Maestà / |
| Statement of responsibility, etc. |
Luciano Bellosi ; [translated from the Italian by Elizabeth Currie]. |
| 260 ## - PUBLICATION, DISTRIBUTION, ETC. (IMPRINT) |
| Place of publication, distribution, etc. |
New York : |
| Name of publisher, distributor, etc. |
Thames and Hudson, |
| Date of publication, distribution, etc. |
1999. |
| 300 ## - PHYSICAL DESCRIPTION |
| Extent |
363 p. : |
| Other physical details |
ill. (some col.) ; |
| Dimensions |
28 cm. |
| 500 ## - GENERAL NOTE |
| General note |
Includes bibliographical references and index. |
| 600 00 - SUBJECT ADDED ENTRY--PERSONAL NAME |
| Personal name |
Duccio, |
| Titles and other words associated with a name |
di Buoninsegna, |
| Dates associated with a name |
1999 |
| Title of a work |
Maestà (Museo dell'Opera del Duomo (Siena, Italy)) |
| 650 #0 - SUBJECT ADDED ENTRY--TOPICAL TERM |
| Topical term or geographic name as entry element |
Christian art and symbolism |
| Geographic subdivision |
Italy |
| -- |
Siena |
| Chronological subdivision |
Medieval, 500-1500. |
| 700 0# - ADDED ENTRY--PERSONAL NAME |
| Personal name |
Duccio, |
| Titles and other words associated with a name |
di Buoninsegna, |
| Dates associated with a name |
1999. |
| 906 ## - LOCAL DATA ELEMENT F, LDF (RLIN) |
| a |
7 |
| b |
cbc |
| c |
orignew |
| d |
2 |
| e |
opcn |
| f |
19 |
| g |
y-gencatlg |
| 942 ## - ADDED ENTRY ELEMENTS (KOHA) |
| Source of classification or shelving scheme |
|
| Koha item type |
Hard Covered Materials |
| Classification part |
ND623.D8A68 1999 |
| Call number prefix |
32121 |